Statistics for Extreme Harry Potter Name Game

Click here to take the quiz!

General Stats

  • This quiz has been taken 132 times
    (131 since last reset)
  • The average score is 149 of 194

Answer Stats

Last NameFirst Name% Correct
PotterHarry
100%
PotterJames
100%
Potter (2nd generation)James Sirius
100%
WeasleyFred
99%
Weasley (2nd generation)Fred II
99%
WeasleyGeorge
99%
PotterLily
99%
Potter (2nd generation)Lily Luna
99%
WeasleyRon
99%
DumbledoreAlbus
98%
Potter (2nd generation)Albus Severus
98%
GrangerHermione
98%
WeasleyArthur
97%
MalfoyDraco
97%
WeasleyGinny
97%
LovegoodLuna
97%
Weasley | Weasley (2nd generation)Molly
97%
LongbottomNeville
97%
BlackSirius
97%
WeasleyBill
96%
SnapeSeverus
96%
WeasleyCharlie
95%
DursleyDudley
95%
MalfoyLucius
95%
DursleyPetunia
95%
ChangCho
94%
(house-elf)Dobby
94%
Bryce | LongbottomFrank
94%
HufflepuffHelga
94%
WeasleyPercy
94%
HagridRubeus
94%
LestrangeBellatrix
93%
UmbridgeDolores
93%
GryffindorGodric
93%
MalfoyNarcissa
93%
CattermoleReginald
93%
DursleyVernon
93%
LongbottomAlice
92%
DumbledoreAriana
92%
DursleyMarge
92%
McGonagallMinerva
92%
PettigrewPeter
92%
SkeeterRita
92%
RavenclawRowena
92%
SlytherinSalazar
92%
AbbottHannah
91%
BlackRegulus
91%
DumbledoreAberforth
90%
DiggoryCedric
90%
FlitwickFilius
90%
RavenclawHelena
90%
RiddleTom
90%
DelacourFleur
89%
WoodOliver
89%
LupinRemus
89%
FinniganSeamus
89%
TonksTed
89%
CreeveyColin
88%
LockhartGilderoy
88%
KarkaroffIgor
88%
BellKatie
88%
PatilPadma
88%
ParkinsonPansy
88%
KrumViktor
88%
CrabbeVincent
88%
LovegoodXenophilius
88%
DiggoryAmos
87%
PatilParvati
87%
BonesSusan
87%
MoodyAlastor
86%
BagshotBathilda
86%
GreybackFenrir
86%
GoyleGregory
86%
JordanLee
86%
TonksNymphadora
86%
ClearwaterPenelope
86%
CrouchBarty Jr.
85%
CrouchBarty Sr.
85%
ZabiniBlaise
85%
BrownLavender
85%
GauntMarvolo
85%
JohnsonAngelina
84%
FilchArgus
84%
McLaggenCormac
84%
ThomasDean
84%
MacMillanErnie
84%
DelacourGabrielle
84%
BagmanLudovic
84%
MaximeOlympe
84%
Weasley (2nd generation)Rose
84%
Malfoy (2nd generation)Scorpius
84%
(house-elf)Winky
84%
LongbottomAugusta
83%
CreeveyDennis
83%
DumbledoreKendra
83%
ScamanderNewt
83%
de Mimsy-PorpingtonNicholas
83%
LupinTeddy
83%
ShackleboltKingsley
82%
Belby | FlintMarcus
82%
Finch-FletchleyJustin
81%
PomfreyPoppy
81%
TrelawneySybill
81%
BurbageCharity
80%
SlughornHorace
80%
LestrangeRodolphus
80%
TonksAndromeda
79%
GrindelwaldGellert
79%
BulstrodeMillicent
79%
DumbledorePercival
79%
ShunpikeStanley
79%
CarrowAmycus
78%
FiggArabella
78%
FudgeCornelius
78%
FletcherMundungus
78%
BootTerry
78%
CarrowAlecto
77%
Weasley (2nd generation)Hugo
77%
GauntMerope
76%
ScrimgeourRufus
75%
SpinnetAlicia
74%
CattermoleMary
74%
QuirrellQuirinus
74%
GauntMorfin
73%
VaneRomilda
73%
BonesAmelia
72%
GoldsteinAnthony
72%
DolohovAntonin
72%
DiggleDedalus
72%
BlackPhineas Nigellus
72%
SproutPomona
72%
PeverellIgnotus
71%
CornerMichael
71%
JorkinsBertha
70%
DogeElphias
70%
EdgecombeMarietta
70%
ThicknessePius
70%
OllivanderGarrick
69%
(goblin)Griphook
69%
Weasley (2nd generation)Victoire
69%
NottTheodore
67%
SmithZacharias
66%
OgdenBob
65%
HoochRolanda
65%
DippetArmando
64%
CresswellDirk
64%
PrewettFabian
64%
PolkissPiers
64%
SinistraAurora
63%
BinnsCuthbert
63%
RookwoodAugustus
62%
PrinceEileen
62%
HopkirkMafalda
62%
LestrangeRabastan
62%
DaviesRoger
62%
PeverellCadmus
61%
PeverellAntioch
60%
RosierEvan
60%
PrewettGideon
60%
Weasley (2nd generation)Roxanne
59%
SmithHepzibah
58%
Weasley (2nd generation)Lucy
58%
Grubbly-PlankWilhelmina
58%
Weasley (2nd generation)Louis
57%
Weasley (2nd generation)Dominique
56%
BodeBroderick
55%
JonesHestia
55%
VanceEmmeline
54%
DawlishJohn
54%
PodmoreSturgis
54%
FortescueFlorean
52%
MacnairWalden
52%
TwycrossWilkie
51%
PeakesJimmy
50%
RuncornAlbert
49%
SloperJack
48%
WarbeckCelestina
46%
GregorovitchMykew
46%
KirkeAndrew
44%
RobinsDemelza
43%
VectorSeptima
43%
MarchbanksGriselda
40%
CooteRitchie
39%
JonesGwenog
38%
RowleThorfinn
38%
YaxleyCorban
34%
(goblin)Bogrod
27%
BurkeCaractacus
23%
GorgovitchDragomir
10%
WeasleyAudrey
9%
(goblin)Ragnok
4%

Score Distribution

Percentile by Number Answered

Percent of People with Each Score

Your Score History

You have not taken this quiz since the last reset